| 000 | 00735nam a2200241Ia 4500 | ||
|---|---|---|---|
| 001 | 22097 | ||
| 005 | 20240114000625.0 | ||
| 007 | ta | ||
| 008 | 060313s1915 a g b000 u 465 u | ||
| 040 | _aCotton College,Assam | ||
| 041 | _a465 | ||
| 082 |
_a947 _bG 761 R |
||
| 100 | _aGraham, Stephen . | ||
| 245 | 0 |
_aRussia and the World: A Study of the War and a Statement of the World Problems that now Conrront Russia and Great Britain / _cStephen Graham. _hTextual Documents |
|
| 250 | _a1st ed. / | ||
| 260 |
_aLondon : _bCassell and Co. Ltd , _c1915. |
||
| 300 |
_a155p. : _bill ; _c22cm . |
||
| 653 | _aHistory-Russia | ||
| 653 | _aReference-History | ||
| 942 |
_2ddc _cBK |
||
| 999 |
_c22079 _d22079 |
||